Metal oxide varistors : (Record no. 2309)

MARC details
000 -LEADER
fixed length control field 00440cam a22001457i 4500
008 - FIXED-LENGTH DATA ELEMENTS--GENERAL INFORMATION
fixed length control field 240308s2019 cc a b 001 0 eng
020 ## - INTERNATIONAL STANDARD BOOK NUMBER
ISBN 9783527333820
100 1# - MAIN ENTRY--AUTHOR
Author He, Jinliang,
245 10 - TITLE STATEMENT
Title Metal oxide varistors :
Remainder of title from microstructure to macro-characteristics /
Statement of responsibility, etc Jinliang He.
300 ## - COLLATION
Pagination xv, 465 pages :
Other physical details illustrations ;
650 #0 - TRACINGS
Main Subject Metal oxide semiconductors.
650 #0 - TRACINGS
Main Subject Varistors.
942 ## - ADDED ENTRY ELEMENTS (KOHA)
Item type Books
050 00 - LIBRARY OF CONGRESS CALL NUMBER
Classification number TK 7871.99v3.j56
Holdings
Source of classification or shelving scheme Not for loan Permanent location Current location Date acquired Accession No. Full call number Barcode. Koha item type
Library of Congress Classification   Samuel Ogbemudia Main Library, University of Abuja Samuel Ogbemudia Main Library, University of Abuja 03/13/2025 2024/64302 TK 7871.99V3 .J56 2025-0573 Books
Library of Congress Classification   Samuel Ogbemudia Main Library, University of Abuja Samuel Ogbemudia Main Library, University of Abuja 05/20/2025 2024/64302 TK7871.99V3.H4 2025-2041 Books